Aspectos económicos de los proyectos del sector público / (Registro nro. 8099)

Detalles MARC
000 -LEADER
fixed length control field 01398nam a2200277Ia 4500
003 - CONTROL NUMBER IDENTIFIER
control field OSt
005 - DATE AND TIME OF LATEST TRANSACTION
control field 20210707145037.0
008 - FIXED-LENGTH DATA ELEMENTS--GENERAL INFORMATION
fixed length control field 210310s2011 ck ad gr 000 0dspa d
020 ## - INTERNATIONAL STANDARD BOOK NUMBER
International Standard Book Number 9789587199895
040 ## - CATALOGING SOURCE
Original cataloging agency CO-JMCR
Transcribing agency CO-JMCR
041 0# - LANGUAGE CODE
Language code of text/sound track or separate title spa
082 04 - DEWEY DECIMAL CLASSIFICATION NUMBER
Classification number 351.9861 /
Item number V868a
Edition number 23
100 1# - MAIN ENTRY--PERSONAL NAME
Personal name Vélez Gómez, Luis Diego,
9 (RLIN) 16329
Relator term autor
245 10 - TITLE STATEMENT
Title Aspectos económicos de los proyectos del sector público /
Statement of responsibility, etc. Luis Diego Vélez Gómez
250 ## - EDITION STATEMENT
Edition statement Primera edición
260 ## - PUBLICATION, DISTRIBUTION, ETC.
Place of publication, distribution, etc. Medellín :
Name of publisher, distributor, etc. Universidad Nacional de Colombia,
Date of publication, distribution, etc. 2011
300 ## - PHYSICAL DESCRIPTION
Extent 393 páginas :
Other physical details ilustraciones y gráficas a blanco y negro ;
Dimensions 24 cm.
500 ## - GENERAL NOTE
General note Incluye índice analítico y onomástico.
504 ## - BIBLIOGRAPHY, ETC. NOTE
Bibliography, etc. note Bibliografía: páginas 379-380
505 0# - FORMATTED CONTENTS NOTE
Formatted contents note Aspectos macroeconómicos -- Etapas del proyecto -- Estudio de mercado -- El estudio técnico -- El tamaño del proyecto -- La evaluación del proyecto -- La tasa de interés -- Los criterios de evaluación -- Análisis costo-beneficio -- El criterio del costo mínimo -- La ejecución y el control del proyecto -- Introducción al sistema nacional de gestión de programas y proyectos de inversión pública -- Un nuevo concepto de inversión
650 14 - SUBJECT ADDED ENTRY--TOPICAL TERM
Topical term or geographic name entry element Administración pública
9 (RLIN) 16331
Geographic subdivision Colombia
650 24 - SUBJECT ADDED ENTRY--TOPICAL TERM
Topical term or geographic name entry element Sector público
9 (RLIN) 38401
650 24 - SUBJECT ADDED ENTRY--TOPICAL TERM
Topical term or geographic name entry element Evaluación de proyectos
9 (RLIN) 2814
650 24 - SUBJECT ADDED ENTRY--TOPICAL TERM
Topical term or geographic name entry element Función pública
9 (RLIN) 9320
942 ## - ADDED ENTRY ELEMENTS (KOHA)
Source of classification or shelving scheme Dewey Decimal Classification
Koha item type Books
Existencias
Withdrawn status Lost status Source of classification or shelving scheme Damaged status Not for loan Collection code Home library Current library Date acquired Source of acquisition Full call number Barcode Date last seen Copy number Koha item type
    Dewey Decimal Classification     Non-fiction Biblioteca Pública José María del Castillo y Rada Biblioteca Pública José María del Castillo y Rada 04/15/2018 Donación 351.9861 / V868a 430003245 05/16/2024 Ej.1 Books